000 00496nam a22001577a 4500
003 MACL
005 20180405125117.0
008 180405b xxu||||| |||| 00| 0 eng d
040 _cMACL
082 _a800/SHA
100 _aडॉं मनोहर लाल शर्मा
_971668
245 _aकलम से उकेरी आकृतियॉं
260 _aदिल्‍ली
_bज्ञानोदय
_c2016
650 _aसाहित्‍य
_971669
942 _2ddc
_cHIN
999 _c57458
_d57458